00671nam a22001937a 450000500170000001000150001702000260003203500130005803700130007108200080008410000310009224500560012326000450017927000740022430000190029894200220031799900170033995201210035620150611151350.0 aENG-112976 c250.00a9789380357669 aEN-96508 bDBAD/PUB a881 aPurkayastha, Debabrata Deb aThe voyage uncertain/cby Debabrata Deb Purkayastha aTripurabNaba Chandana Prakashani c2014 bTripurae799002aRamanagar Road No-2 (West) P.O. Ramnagar, Agartala,  a64p.c23cm(Hb) 2ddccENmPURh881 c93541d93541 001040718NFICaDBADbDBADd2015-05-13eDBAD/PUBg250.00l0o881 PURpEN-96508r2015-05-13 00:00:00t1v250.00yEN